Marketing toolkit

Saved in:
Bibliographic Details
Main Author: Robinson's, Nick
Format: Book
Language:Undetermined
Published: Singapore Heinemann Asia 1993
Subjects:
Tags: Add Tag
No Tags, Be the first to tag this record!
Institutions: Trung tâm Học liệu Trường Đại học Cần Thơ
LEADER 00487nam a2200193Ia 4500
001 CTU_99242
008 210402s9999 xx 000 0 und d
082 |a 658.8 
082 |b R666 
100 |a Robinson's, Nick 
245 0 |a Marketing toolkit 
245 0 |c Nick Robinson's 
260 |a Singapore 
260 |b Heinemann Asia 
260 |c 1993 
650 |a Marketing 
650 |x Management 
904 |i Truc, Q. Hieu 
980 |a Trung tâm Học liệu Trường Đại học Cần Thơ